<?xml version="1.0" encoding="UTF-8"?>
<record
    xmlns:xsi="http://www.w3.org/2001/XMLSchema-instance"
    xsi:schemaLocation="http://www.loc.gov/MARC21/slim http://www.loc.gov/standards/marcxml/schema/MARC21slim.xsd"
    xmlns="http://www.loc.gov/MARC21/slim">

  <leader>04272cam a2200385 a 4500</leader>
  <controlfield tag="001">16776345</controlfield>
  <controlfield tag="003">OSt</controlfield>
  <controlfield tag="005">20220816165410.0</controlfield>
  <controlfield tag="008">110510s2013    maua     b    001 0 eng  </controlfield>
  <datafield tag="010" ind1=" " ind2=" ">
    <subfield code="a">  2011019904</subfield>
  </datafield>
  <datafield tag="020" ind1=" " ind2=" ">
    <subfield code="a">9780763774141 (pbk.)</subfield>
  </datafield>
  <datafield tag="035" ind1=" " ind2=" ">
    <subfield code="a">(DNLM)101560334</subfield>
  </datafield>
  <datafield tag="040" ind1=" " ind2=" ">
    <subfield code="a">DNLM/DLC</subfield>
    <subfield code="c">LC</subfield>
    <subfield code="d">DLC</subfield>
  </datafield>
  <datafield tag="042" ind1=" " ind2=" ">
    <subfield code="a">pcc</subfield>
  </datafield>
  <datafield tag="050" ind1="0" ind2="0">
    <subfield code="a">RT82.8.C5553 </subfield>
  </datafield>
  <datafield tag="082" ind1="0" ind2="0">
    <subfield code="a">610.73</subfield>
    <subfield code="2">23</subfield>
  </datafield>
  <datafield tag="245" ind1="0" ind2="0">
    <subfield code="a">Clinical guidelines for advanced practice nursing: an interdisciplinary approach. /</subfield>
    <subfield code="c">[edited by] Geraldine M. Collins-Bride, JoAnne M. Saxe.</subfield>
  </datafield>
  <datafield tag="260" ind1=" " ind2=" ">
    <subfield code="a">Burlington, MA:</subfield>
    <subfield code="b">Jones &amp; Bartlett Learning,</subfield>
    <subfield code="c">2012.</subfield>
  </datafield>
  <datafield tag="300" ind1=" " ind2=" ">
    <subfield code="a">xxIii, 647 p. :</subfield>
    <subfield code="b">ill. ;</subfield>
    <subfield code="c">28 cm.</subfield>
  </datafield>
  <datafield tag="500" ind1=" " ind2=" ">
    <subfield code="a">Rev. ed. of: Nurse practitioner/physician collaborative practice / edited by Geraldine M. Collins-Bride and JoAnne M. Saxe. San Francisco, Calif. : School of Nursing, University of California, UCSF Nursing Press, c1998.</subfield>
  </datafield>
  <datafield tag="500" ind1=" " ind2=" ">
    <subfield code="a">"In cooperation with UCSF School of Nursing"--Cover.</subfield>
  </datafield>
  <datafield tag="504" ind1=" " ind2=" ">
    <subfield code="a">Includes bibliographical references and index.</subfield>
  </datafield>
  <datafield tag="505" ind1=" " ind2=" ">
    <subfield code="a">Contents: Legal scope of advanced nursing practice -- Pediatric health maintenance and promotion: First well-baby visit -- Care of the postneonatal intensive care unit graduate -- 0 to 3 years of age interval visit -- 3 to 6 years of age internal visit -- 6 to 11 years of age internal visit -- The adolescent and young adult (12 - 21 years of age) interval visit -- Developmental assessment: screening for developmental delay and autism -- Common pediatric presentations: Atopic dermatitis in children -- Attention-deficit/hyperactivity disorder in children and adolescents -- Childhood asthma -- Childhood depression -- Child maltreatment -- Failure to thrive during infancy -- Urinary incontinence in children -- Gynecology: Abnormal uterine bleeding -- Amenorrhea and Polycystic ovary syndrome -- Cervical, vaginal and vulvar cancer screening -- Female and male sterilization -- Hormonal contraception -- Menopause transition -- Nonhormonal contraception -- Urinary incontinence in women -- Obstetric health maintenance and promotion: The initial prenatal visit -- Prenatal genetic screening -- The return prenatal visit -- The postpartum visit -- Guidelines for medical consultation and referral during pregnancy -- Common obstetric presentations: Anemia in pregnancy -- Birth choices for women with a previous cesarean delivery -- Common discomforts of pregnancy -- Gestational diabetes mellitus: early detection and management in pregnancy -- Preeclampsia -- Prenatal genetic diagnosis -- Preterm labor management -- Urinary tract infection: Prevention and management in pregnancy -- Adult health maintenance and promotion: Healthcare maintenance of the adult -- Healthcare maintenance for adults with developmental disabilities -- Healthcare maintenance for transgendered individuals -- Postexposure prophylaxis for HIV Infection -- Common adult presentations: Abscess assessment and management -- Anemia -- Anticooagulation therapy (oral) -- Anxiety -- Asthma in adolescents and adults -- Benign prostatic hyperplasia -- Chronic obstructive pulmonary disease -- Chronic nonmalignant pain management --Chronic viral hepatitis -- Congestive heart failure -- Dementia -- Depression -- Diabetes mellitus -- Epilepsy -- Low back pain -- Gastroesophageal reflux disease -- Herpes simplex infections -- Hypertension -- Intimate partner violence(domestic violence) -- Irritable bowel syndrome -- Neck pain -- Obesity -- Osteoarthritis -- Primary care of HIV-Infected adults -- Smoking cessation -- Thyroid disorders -- Upper extremity tendinopathy: bicipital tendinopathy, lateral epicondylitis and DeQuervain's tenosynovitis -- Wound care -- </subfield>
  </datafield>
  <datafield tag="650" ind1=" " ind2="0">
    <subfield code="a">Nurse practitioners.</subfield>
    <subfield code="9">182</subfield>
  </datafield>
  <datafield tag="650" ind1=" " ind2="0">
    <subfield code="a">Primary care (Medicine).</subfield>
    <subfield code="9">183</subfield>
  </datafield>
  <datafield tag="650" ind1=" " ind2="0">
    <subfield code="a">Nursing.</subfield>
    <subfield code="9">102</subfield>
  </datafield>
  <datafield tag="650" ind1="1" ind2="2">
    <subfield code="a">Advanced Practice Nursing</subfield>
    <subfield code="v">Guideline.</subfield>
    <subfield code="9">184</subfield>
  </datafield>
  <datafield tag="650" ind1="2" ind2="2">
    <subfield code="a">Clinical Protocols</subfield>
    <subfield code="x">standards</subfield>
    <subfield code="v">Guideline.</subfield>
    <subfield code="9">185</subfield>
  </datafield>
  <datafield tag="650" ind1="2" ind2="2">
    <subfield code="a">Nursing Care</subfield>
    <subfield code="x">methods</subfield>
    <subfield code="v">Guideline.</subfield>
    <subfield code="9">186</subfield>
  </datafield>
  <datafield tag="700" ind1="1" ind2=" ">
    <subfield code="a">Collins-Bride, Geraldine M.</subfield>
    <subfield code="9">187</subfield>
  </datafield>
  <datafield tag="700" ind1="1" ind2=" ">
    <subfield code="a">Saxe, JoAnne M.</subfield>
    <subfield code="9">188</subfield>
  </datafield>
  <datafield tag="906" ind1=" " ind2=" ">
    <subfield code="a">7</subfield>
    <subfield code="b">cbc</subfield>
    <subfield code="c">orignew</subfield>
    <subfield code="d">1</subfield>
    <subfield code="e">ecip</subfield>
    <subfield code="f">20</subfield>
    <subfield code="g">y-gencatlg</subfield>
  </datafield>
  <datafield tag="942" ind1=" " ind2=" ">
    <subfield code="2">lcc</subfield>
    <subfield code="c">BK</subfield>
  </datafield>
  <datafield tag="999" ind1=" " ind2=" ">
    <subfield code="c">9149</subfield>
    <subfield code="d">16649</subfield>
  </datafield>
  <datafield tag="952" ind1=" " ind2=" ">
    <subfield code="0">0</subfield>
    <subfield code="1">0</subfield>
    <subfield code="2">lcc</subfield>
    <subfield code="4">0</subfield>
    <subfield code="7">0</subfield>
    <subfield code="a">WIUC-KL</subfield>
    <subfield code="b">WIUC-KL</subfield>
    <subfield code="c">NURS L.</subfield>
    <subfield code="d">2019-11-25</subfield>
    <subfield code="l">0</subfield>
    <subfield code="o">RT82.8.C5553 </subfield>
    <subfield code="p">KSN/632/632/19</subfield>
    <subfield code="r">2022-08-16 00:00:00</subfield>
    <subfield code="w">2022-08-16</subfield>
    <subfield code="y">BK</subfield>
  </datafield>
</record>
